000 00974nam a2200217Ia 4500
999 _c38356
_d38356
001 4366
003 GE_BSU
005 20191004112621.0
008 181216s1981||||ge |||||||||||||| ||geo||
040 _cGE_BSU
041 _ageo
080 _a37.015.3 დ–25
245 _aდაწყებითი სწავლების ფსიქოლოგია :
_bსტატიების კრებული /
_cრედ. ი. კოტეტიშვილი.
264 _a თბ. :
_bმეცნიერება,
_c1981.
300 _a302 გვ. ;
_b21 სმ.
520 _aყოველი სტატიის ბოლოს რეზ. რუს.
653 _aპედაგოგიკური ფსიქოლოგია
700 _aკოტეტიშვილი, ი.
_eრედაქტორი
_94499
710 _aდ. უზნაძის სახ. ფსიქოლოგიის ინ-ტი.
_94500
942 _cBK
_2udc